Score 0/12 Timer 03:00
1 Play Today
Hint Answer % Correct
OT LILK A CKNIDGRIBMOTo Kill a Mockingbird
96.1%
ETH TCHRECA NI TEH EYRThe Catcher in the Rye
95.1%
NOGE THWI TEH NDWIGone With the Wind
93.4%
HEWRE TEH LDIW NIGHTS ERAWhere the Wild Things Are
90.5%
NOE LEWF REVO ETH CKOCOUS SNTEOne Flew Over the Cuckoo's Nest
87.5%
NEAN FO EEGRN BAGLESAnne of Green Gables
80.8%
TEH CHHKIERSIHT DEIUG OT HET XYAALGThe Hitchhiker's Guide to the Galaxy
78.6%
NOE DREDHUN RSEAY FO LITDUESOOne Hundred Years of Solitude
71.5%
GELSNA NDA ONMSDEAngels and Demons
68%
LESSAM OLTSalem's Lot
67.6%
ETH DECRI ESHUO ELSRUThe Cider House Rules
54.8%
FINTIEIN STEJInfinite Jest
32.3%
Remove Ads.
Support Sporcle.
Get the best of Sporcle when you Go Orange. This ad-free experience offers more features, more stats, and more fun while also helping to support Sporcle. Thank you for becoming a member.

You're not logged in!

Compare scores with friends on all Sporcle quizzes.
OR
Log In

Show Comments

Extras

Top Quizzes Today


Score Distribution

Your Account Isn't Verified!

In order to create a playlist on Sporcle, you need to verify the email address you used during registration. Go to your Sporcle Settings to finish the process.

Report this User

Report this user for behavior that violates our Community Guidelines.

Details: